00828nam a22002057a 4500003000500000005001700005008004100022010001000063011001000073035001100083040000900094100003400103245018700137260005200324300003600376502010400412650004100516650002400557650004100581CHAP20220329143436.0090903s2009 mx r 00010 spa d a96683 a97655 a108325 cCHAP1 aSandoval Hernández, Silvia.10aAprovechamiento de hongos silvestres comestibles como una alternativa de desarrollo sustentable en Yoricostio, Municipio de Tacámbaro, Michoacánc/por Silvia Sandoval Hernández aMorelia, Michoacán, Méx. :bEl autor,c2009 axii, 118 h. :bgráfs. , ilus. aTesis (M.C. en Desarrollo Rural Regional) -- UACH. Dirección de Centros Regionales Universitarios14aDesarrollo sustentablezMichoacán.14aHongos comestibles.14aRecursos naturalesxAprovechamiento.